[Event "AUT-chT 9495"]
[Site "Austria"]
[Date "1995.??.??"]
[Round "?"]
[White "Hertneck, Gerald"]
[Black "Sokolov, Ivan"]
[Result "1-0"]
[WhiteElo "2605"]
[BlackElo "2625"]
[PlyCount "77"]
[EventDate "1994.??.??"]
[Source "ChessBase"]

1. d4 Nf6 2. Nf3 d5 3. c4 e6 4. Nc3 Nbd7 5. Bg5 h6 6. Bh4 dxc4 7. e3 Be7 8. Bxc4 O-O 9. O-O a6 10. a4 b6 11. Qe2 Bb7 12. Rfd1 Ne4 13. Nxe4 Bxh4 14. d5 e5 15. Nxh4 Qxh4 16. f3 Kh8 17. Rac1 f5 18. Nf2 Qe7 19. e4 f4 20. Rc3 Rfd8 21. b3 Nc5 22. Qc2 Rac8 23. Bf1 a5 24. Nd3 Nxd3 25. Bxd3 Qd6 26. Be2 Rd7 27. Rc1 g5 28. g4 h5 29. gxh5 Qh6 30. Qb2 Kh7 31. Bf1 Qxh5 32. Qg2 Kg7 33. Qh3 Qf7 34. Qg4 Rd6 35. Bb5 Qe7 36. h4 Rg6 37. Qxc8 gxh4+ 38. Kh2 Bxc8 39. Rxc7 1-0

[Event "Cogas Open"]
[Site "Almelo"]
[Date "2004.04.10"]
[Round "5"]
[White "Khenkin, Igor"]
[Black "Fridman, Daniel"]
[Result "1/2-1/2"]
[WhiteElo "2611"]
[BlackElo "2592"]
[PlyCount "45"]
[EventDate "2004.04.08"]
[Source "Roberto Alvarez"]
[SourceDate "2004.04.12"]

1. d4 d5 2. c4 c6 3. Nf3 Nf6 4. Nc3 e6 5. Bg5 Nbd7 6. cxd5 cxd5 7. e3 a6 8. Bd3 b5 9. Ne5 Bb7 10. Nxd7 Qxd7 11. Bxf6 gxf6 12. Qh5 Bb4 13. O-O Bxc3 14. bxc3 Rc8 15. Rfc1 Rc7 16. Qh4 Ke7 17. f4 Rhc8 18. f5 Rxc3 19. Rd1 Qe8 20. Rab1 Ra3 21. Rb2 Rcc3 22. Bb1 Qc6 23. Rf2 1/2-1/2

[Event "Nationale I Jeune, Clichy"]
[Site "Clichy"]
[Date "1998.??.??"]
[Round "?"]
[White "Forlani, Antoine"]
[Black "Hoarau, Adrien"]
[Result "0-1"]
[WhiteElo "2620"]
[BlackElo "2560"]
[PlyCount "50"]
[EventDate "1998.??.??"]
[Source "www.chesslib.no"]
[SourceDate "2004.05.04"]

1. d4 d5 2. c4 e6 3. Nc3 Nf6 4. Bg5 Nbd7 5. cxd5 exd5 6. Nxd5 Be7 7. Qb3 Nxd5 8. Bxe7 Nxe7 9. e4 Nf6 10. e5 Nfd5 11. Nf3 Nb6 12. Qc2 Nf5 13. O-O-O O-O 14. Bd3 g6 15. Be4 Ng7 16. h4 Bf5 17. h5 Bxe4 18. Qxe4 Nxh5 19. Rh2 Nd5 20. Rdh1 f5 21. exf6 Ndxf6 22. Qe6+ Rf7 23. g4 Nf4 24. Qc4 Qd5 25. Qxd5 N4xd5 0-1

[Event "Biel izt"]
[Site "?"]
[Date "1985.??.??"]
[Round "1"]
[White "Petursson, Margeir"]
[Black "Ljubojevic"]
[Result "1/2-1/2"]
[WhiteElo "2550"]
[BlackElo "2615"]
[PlyCount "254"]
[EventDate "1985.??.??"]
[Source "www.chesslib.no"]
[SourceDate "2004.05.04"]

1. d4 Nf6 2. c4 e6 3. Nf3 d5 4. Nc3 Nbd7 5. Bg5 h6 6. Bh4 Bb4 7. cxd5 exd5 8. e3 O-O 9. Bd3 c5 10. O-O Qa5 11. Nxd5 Nxd5 12. a3 cxd4 13. axb4 Qxb4 14. Nxd4 Qxb2 15. Qf3 Qc3 16. Be4 N5f6 17. Bf5 Qc5 18. Rfc1 Qe5 19. Bg3 Qe7 20. Rc7 Rd8 21. Rac1 Ne8 22. R7c3 Nb6 23. Bb1 Nd5 24. Rc5 Nef6 25. h3 Be6 26. Nxe6 fxe6 27. e4 Nb6 28. e5 Nfd5 29. Qe4 Qf7 30. Rd1 Rac8 31. Rxc8 Rxc8 32. Qh7+ Kf8 33. Rd3 Rc1+ 34. Kh2 Rxb1 35. Rf3 Qxf3 36. gxf3 Rc1 37. Qh8+ Kf7 38. Qb8 Nc8 39. Qxb7+ Rc7 40. Qa6 Nce7 41. h4 Nc6 42. Kh3 Nde7 43. Bf4 Rd7 44. Kh2 Rd5 45. Kg2 Ra5 46. Qc4 Nxe5 47. Bxe5 Rxe5 48. Qa6 Rh5 49. Qxa7 Rxh4 50. Qc5 Rf4 51. Qc7 Rd4 52. Qa7 Rd5 53. Qc7 Kf6 54. Qb8 Nf5 55. Qf8+ Kg5 56. Qf7 Rd6 57. Qe8 Kf4 58. Qh5 Ke5 59. Qe8 Kf6 60. Kh3 Rd3 61. Kg4 Rd4+ 62. Kh3 Rd2 63. Kg2 Nh4+ 64. Kg3 Ng6 65. Qb8 Rd5 66. Qb2+ Kf7 67. Qb7+ Kg8 68. Qc8+ Nf8 69. Qe8 Rg5+ 70. Kh3 Rf5 71. Kg3 Rf6 72. Qc6 Ng6 73. Qa8+ Rf8 74. Qc6 Nf4 75. Qe4 Rf5 76. Qc2 Kf7 77. Qc7+ Kg6 78. Qc2 Kh5 79. Qe4 Kg5 80. Qb7 Ne2+ 81. Kh3 Kg6 82. Qe4 Nf4+ 83. Kg4 Kf7 84. Qb7+ Kf6 85. Qb2+ Kg6 86. Qb6 Kh7 87. Qc6 Ng6 88. Qc2 Ne5+ 89. Kg3 Nxf3 90. Qe2 e5 91. Qe4 Kg6 92. Qc6+ Kh7 93. Qe4 g6 94. Qb7+ Kg8 95. Qc8+ Kg7 96. Qd7+ Rf7 97. Qe8 h5 98. Qe6 h4+ 99. Kg2 Rf4 100. Qe7+ Kh6 101. Qe8 Kh5 102. Qd7 Ng5 103. Qd1+ Rf3 104. Qd5 h3+ 105. Kg1 e4 106. Qe5 Rf5 107. Qh8+ Kg4 108. Qg7 Rd5 109. Qxg6 Rd1+ 110. Kh2 Rf1 111. Qg8 Rxf2+ 112. Kg1 Rc2 113. Qg7 Rd2 114. Qg8 Rg2+ 115. Kh1 Rc2 116. Qg7 Rd2 117. Qg8 e3 118. Qc8+ Kg3 119. Qb8+ Kf3 120. Qf8+ K 4 121. Qe7+ Kf4 122. Qf8+ Kg4 123. Qc8+ Kh4 124. Qh8+ Kg3 125. Qb8+ Kf3 126. Qf8+ Ke2 127. Qf1+ Kxf1 1/2-1/2

[Event "Tilburg"]
[Site "?"]
[Date "1994.??.??"]
[Round "?"]
[White "Hertneck, G."]
[Black "Campora, Daniel Hugo"]
[Result "1-0"]
[WhiteElo "2605"]
[BlackElo "2560"]
[PlyCount "165"]
[EventDate "1994.??.??"]
[Source "ChessBase"]
[SourceDate "1994.06.01"]

1. Nf3 d5 2. d4 Nf6 3. c4 e6 4. Nc3 Nbd7 5. Bg5 h6 6. Bh4 Bb4 7. e3 c5 8. cxd5 exd5 9. Qc2 Qa5 10. Bd3 c4 11. Bf5 O-O 12. O-O Re8 13. Nd2 Bxc3 14. bxc3 Qa6 15. Rfe1 Nf8 16. f3 Bxf5 17. Qxf5 Qe6 18. g4 N8d7 19. e4 g6 20. Qxe6 fxe6 21. e5 Nh7 22. f4 g5 23. Bg3 gxf4 24. Bxf4 Kg7 25. Re3 Rf8 26. Rf1 Kg6 27. Kg2 b5 28. a3 a5 29. Kg3 Rab8 30. Rb1 Rb6 31. Nf3 Nb8 32. Re2 Nc6 33. Reb2 Rfb8 34. Bd2 R6b7 35. h4 h5 36. Ng1 b4 37. axb4 axb4 38. Ne2 hxg4 39. cxb4 Ne7 40. Kxg4 Nf5 41. Ra2 Rg7 42. Rba1 Kf7+ 43. Kh3 Nf8 44. Ra7+ Kg8 45. Rxg7+ Kxg7 46. Ra7+ Kg8 47. h5 Nh7 48. Kg2 Kh8 49. Kf2 c3 50. Nxc3 Rxb4 51. Ne2 Rb2 52. Bc1 Rc2 53. Ra4 Kg7 54. Bf4 Rc7 55. Bd2 Rc2 56. Ke1 Rc7 57. Bf4 Rb7 58. Kd2 Kf7 59. Kc3 Rc7+ 60. Kd3 Rb7 61. Ra3 Kg7 62. Nc1 Rf7 63. Ne2 Rb7 64. Bd2 Kf7 65. Rc3 Nf8 66. Rc1 Rb3+ 67. Bc3 Nh7 68. Rg1 Nf8 69. Nf4 Rb5 70. Ra1 Rb7 71. Ra6 Ng3 72. Ra4 Nh7 73. Bb4 Ng5 74. Bc5 N3e4 75. h6 Nxc5+ 76. dxc5 Nf3 77. Ra6 Nxe5+ 78. Kc3 Re7 79. Kb4 Re8 80. Kb5 d4 81. h7 Ng6 82. Nxg6 Kxg6 83. Rxe6+ 1-0

[Event "Istanbul ol (Men)"]
[Site "Istanbul"]
[Date "2000.10.31"]
[Round "4"]
[White "Magai, Vladimir"]
[Black "Sokolov, Ivan"]
[Result "1/2-1/2"]
[WhiteElo "2546"]
[BlackElo "2611"]
[PlyCount "49"]
[EventDate "2000.10.??"]
[Source "www.chesslib.no"]
[SourceDate "2004.05.04"]

1. d4 Nf6 2. c4 e6 3. Nf3 d5 4. Nc3 Nbd7 5. Bg5 h6 6. Bh4 dxc4 7. e3 Nb6 8. Bxc4 Nxc4 9. Qa4+ Bd7 10. Qxc4 Be7 11. Ne5 O-O 12. Nxd7 Qxd7 13. O-O Rfd8 14. Rac1 c6 15. Rfd1 Nd5 16. Bg3 Nxc3 17. Qxc3 c5 18. Qb3 cxd4 19. Rxd4 Rac8 20. Rxc8 Qxc8 21. Rxd8+ Bxd8 22. h3 Bf6 23. Kh2 Qc6 24. Qb4 b5 25. b3 1/2-1/2

[Event "Julian Borowski-A"]
[Site "Essen"]
[Date "2000.05.03"]
[Round "6"]
[White "Hansen, Curt"]
[Black "Bischoff, Klaus"]
[Result "1/2-1/2"]
[WhiteElo "2615"]
[BlackElo "2540"]
[PlyCount "65"]
[EventDate "2000.04.27"]
[Source "ChessBase"]
[SourceDate "2000.07.27"]

1. d4 Nf6 2. Nf3 e6 3. c4 d5 4. Nc3 Nbd7 5. Bg5 Be7 6. e3 c6 7. Qc2 h6 8. Bh4 O-O 9. Rd1 b6 10. cxd5 cxd5 11. Bd3 Bb7 12. O-O a6 13. a4 Nb8 14. Ne5 Nc6 15. Nxc6 Bxc6 16. Qe2 Qd7 17. Bxa6 Bxa4 18. Nxa4 Qxa4 19. Ra1 Qd7 20. Bd3 Rfc8 21. h3 Ne8 22. Bb5 Qd8 23. Bg3 Nc7 24. Bd3 Bd6 25. Bxd6 Qxd6 26. Qc2 Ne8 27. Qb3 Qd8 28. Qb4 Nd6 29. g3 g6 30. Kg2 Kg7 31. Rxa8 Rxa8 32. Rc1 Rc8 33. Rxc8 1/2-1/2

[Event "Cup Yug M 2002"]
[Site "?"]
[Date "2002.05.14"]
[Round "2"]
[White "Fressinet Laurent"]
[Black "Blagojevic Dragisa"]
[Result "1-0"]
[WhiteElo "2606"]
[BlackElo "2534"]
[PlyCount "85"]
[EventDate "2002.??.??"]
[Source "www.chesslib.no"]
[SourceDate "2004.05.04"]

1. d4 d5 2. c4 c6 3. Nc3 Nf6 4. Nf3 e6 5. Bg5 Nbd7 6. cxd5 cxd5 7. e3 Be7 8. Bd3 b6 9. O-O O-O 10. Rc1 Bb7 11. Bf4 a6 12. Qe2 Nh5 13. Be5 Nxe5 14. dxe5 g6 15. Nd4 Qd7 16. f4 Ng7 17. Rc2 f6 18. Rfc1 Rfc8 19. a3 b5 20. Qg4 Nf5 21. Bxf5 exf5 22. Qg3 fxe5 23. fxe5 Bf8 24. h4 Bg7 25. h5 Qe8 26. hxg6 hxg6 27. Nf3 Rc4 28. Ne2 Rac8 29. Ned4 R8c7 30. b3 Rxc2 31. Rxc2 Re7 32. Qg5 Qf7 33. Qf4 Qe8 34. Qh4 Rxe5 35. Nxe5 Qxe5 36. Qd8+ Kh7 37. Re2 Bh6 38. Qd7+ Kg8 39. Nf3 Qg7 40. Qxg7+ Kxg7 41. Rc2 d4 42. Nxd4 f4 43. Ne6+ 1-0

[Event "Camp. spagnolo ko"]
[Site "Ceuta SPA"]
[Date "2008.09.30"]
[Round "2.3"]
[White "Arizmendi Martinez, J."]
[Black "Khamrakulov, I."]
[Result "1/2-1/2"]
[WhiteElo "2524"]
[BlackElo "2597"]
[PlyCount "65"]
[EventDate "2008.09.27"]
[Source "www.chesslib.no"]
[SourceDate "2004.05.04"]

1. Nf3 Nf6 2. c4 e6 3. Nc3 d5 4. d4 Nbd7 5. Bg5 Be7 6. e3 Ne4 7. Bxe7 Qxe7 8. Rc1 Nxc3 9. Rxc3 dxc4 10. Bxc4 O-O 11. Qc2 c5 12. Bd3 cxd4 13. Nxd4 Nf6 14. O-O Bd7 15. Rc1 g6 16. Rc7 e5 17. Nb3 Rfc8 18. Qc5 Qxc5 19. R1xc5 Rxc7 20. Rxc7 Bc6 21. Bc4 Nd5 22. Bxd5 Bxd5 23. f3 Rd8 24. e4 Bc6 25. Na5 Rd1+ 26. Kf2 Rd2+ 27. Kg3 Rxb2 28. Nxc6 bxc6 29. Rxa7 Kg7 30. a4 h5 31. h4 Ra2 32. Rc7 Rxa4 33. Rxc6 1/2-1/2

[Event "Biel GM"]
[Site "Biel"]
[Date "1999.07.26"]
[Round "8"]
[White "Pelletier, Yannick"]
[Black "Piket, Jeroen"]
[Result "1/2-1/2"]
[WhiteElo "2479"]
[BlackElo "2635"]
[PlyCount "58"]
[EventDate "1999.07.19"]
[Source "ChessBase"]
[SourceDate "1999.10.01"]

1. d4 Nf6 2. c4 e6 3. Nf3 d5 4. Nc3 Nbd7 5. Bg5 h6 6. Bh4 dxc4 7. e3 a6 8. a4 c5 9. Bxc4 cxd4 10. Nxd4 Ne5 11. Ba2 Bb4 12. O-O Bxc3 13. bxc3 Ng6 14. Bg3 Ne4 15. Bxe6 Nxg3 16. Bxc8 Rxc8 17. hxg3 Rxc3 18. Rb1 Qc8 19. Rb6 O-O 20. Qb1 Rc7 21. Nf5 Ne7 22. Nxe7+ Rxe7 23. Qb4 Rc7 24. Rb1 Rd8 25. Rxb7 Rxb7 26. Qxb7 Rd1+ 27. Kh2 Qf5 28. Rxd1 Qh5+ 29. Kg1 Qxd1+ 1/2-1/2

[Event "CRO-chT"]
[Site "Pula"]
[Date "1999.09.09"]
[Round "1"]
[White "Stohl, I."]
[Black "Rogic, D."]
[Result "0-1"]
[WhiteElo "2600"]
[BlackElo "2505"]
[PlyCount "60"]
[EventDate "1999.09.05"]
[Source "www.chesslib.no"]
[SourceDate "2004.05.04"]

1. d4 d5 2. c4 c6 3. Nf3 Nf6 4. Nc3 e6 5. Bg5 Nbd7 6. cxd5 cxd5 7. e3 h6 8. Bf4 Nh5 9. Be5 Nxe5 10. dxe5 g6 11. Bd3 Be7 12. O-O O-O 13. Nd4 Ng7 14. f4 Bd7 15. Qe2 Qb6 16. Rad1 Kh7 17. Kh1 f6 18. Nf3 Bc6 19. Rfe1 Rad8 20. Bb1 Nf5 21. e4 dxe4 22. Bxe4 Rxd1 23. Rxd1 Rd8 24. Rxd8 Bxd8 25. Bxc6 Qxc6 26. Qd3 Be7 27. h3 fxe5 28. Nxe5 Qd6 29. Qf3 Qd2 30. Qxb7 Qc1+ 0-1

[Event "Golden Cleopatra op 4th"]
[Site "Cairo"]
[Date "2000.07.18"]
[Round "7"]
[White "Rausis, Igors"]
[Black "Goloshchapov, Alexander"]
[Result "1/2-1/2"]
[WhiteElo "2551"]
[BlackElo "2526"]
[PlyCount "23"]
[EventDate "2000.07.03"]
[Source "ChessBase"]
[SourceDate "2000.09.14"]

1. Nf3 d5 2. d4 Nf6 3. c4 c6 4. Nc3 e6 5. Bg5 Nbd7 6. Qc2 h6 7. Bh4 dxc4 8. e4 b5 9. Be2 Bb7 10. O-O Be7 11. b3 cxb3 12. axb3 1/2-1/2

[Event "RUS-Cup06"]
[Site "Nizhnij Novgorod"]
[Date "1998.07.01"]
[Round "3"]
[White "Shchekachev, Andrei"]
[Black "Kiriakov, Petr"]
[Result "0-1"]
[WhiteElo "2565"]
[BlackElo "2495"]
[PlyCount "148"]
[EventDate "1998.06.29"]
[Source "www.chesslib.no"]
[SourceDate "2004.05.04"]

1. Nf3 Nf6 2. c4 e6 3. Nc3 d5 4. d4 Nbd7 5. Bg5 Be7 6. e3 h6 7. Bf4 O-O 8. Bd3 c6 9. c5 Nh5 10. O-O Nxf4 11. exf4 b6 12. b4 a5 13. a3 axb4 14. axb4 Rxa1 15. Qxa1 Qc7 16. g3 Bb7 17. Re1 Ra8 18. Qb2 bxc5 19. bxc5 Ba6 20. Bb1 Bf6 21. Qc2 Nf8 22. Re3 Qa5 23. h4 Rb8 24. g4 Rb4 25. Qd2 Bxd4 26. Nxd4 Qxc5 27. Nc2 Rxf4 28. Rg3 e5 29. Ne1 Ne6 30. Qa2 Bc4 31. Qb2 Qa7 32. Ng2 Rd4 33. Ne3 Bd3 34. Ne2 Bxe2 35. Qxe2 Rb4 36. Bf5 Nf4 37. Qd2 Qa1+ 38. Kh2 Qb2 39. Bc2 g6 40. h5 Kg7 41. hxg6 fxg6 42. Qd1 Qd4 43. Qe1 e4 44. Bxe4 dxe4 45. Nc2 Rb1 46. Nxd4 Rxe1 47. Nxc6 Rc1 48. Nd4 Rc4 49. Nb3 Rc2 50. Re3 Nd3 51. Kg3 Nxf2 52. Nd4 Rc4 53. Nb5 Nd1 54. Re1 Nc3 55. Nxc3 Rxc3+ 56. Kf4 Kf6 57. g5+ hxg5+ 58. Kxe4 Rh3 59. Rg1 Ra3 60. Rg2 g4 61. Kf4 Ra4+ 62. Kg3 Kg5 63. Rb2 Ra3+ 64. Kg2 Kh4 65. Rc2 Ra4 66. Rf2 g3 67. Rc2 g5 68. Rb2 Rf4 69. Kg1 Rf2 70. Rb1 Kh3 71. Ra1 Rd2 72. Rb1 Rd3 73. Rf1 g4 74. Rc1 g2 0-1

[Event "Hamburg GER, Open A 2005"]
[Site "?"]
[Date "2005.10.08"]
[Round "8"]
[White "Eingorn Vereslav S"]
[Black "Donchenko Anatoly G"]
[Result "1-0"]
[WhiteElo "2587"]
[BlackElo "2460"]
[PlyCount "91"]
[EventDate "2005.??.??"]
[Source "www.chesslib.no"]
[SourceDate "2004.05.04"]

1. c4 e6 2. d4 Nf6 3. Nc3 d5 4. Bg5 c6 5. e3 Nbd7 6. Qc2 Qa5 7. cxd5 Nxd5 8. e4 Nxc3 9. Bd2 Be7 10. Nf3 O-O 11. bxc3 e5 12. Bd3 Qc7 13. O-O c5 14. dxe5 c4 15. Be2 Nxe5 16. Nxe5 Qxe5 17. Bxc4 Be6 18. Bxe6 Qxe6 19. Be3 b6 20. Bd4 Rac8 21. Rfd1 Rc4 22. Qe2 Bc5 23. Rd2 h6 24. Rad1 Rc8 25. h3 b5 26. Qg4 Qxg4 27. hxg4 a5 28. Kf1 Be7 29. g3 g5 30. f4 b4 31. cxb4 Bxb4 32. Rd3 Bc3 33. e5 Bxd4 34. Rxd4 Rxd4 35. Rxd4 Rc3 36. Rd8+ Kg7 37. Kf2 gxf4 38. gxf4 a4 39. f5 Rc2+ 40. Kf3 Rc3+ 41. Ke4 Rc7 42. f6+ Kh7 43. a3 h5 44. gxh5 Kh6 45. Kf5 Kh7 46. Rf8 1-0

[Event "Cannes Open"]
[Site "Cannes FRA"]
[Date "1989.??.??"]
[Round "?"]
[White "Wilder, Michael J"]
[Black "Donchev, Dimitar I"]
[Result "1/2-1/2"]
[WhiteElo "2540"]
[BlackElo "2505"]
[PlyCount "30"]
[EventDate "1989.02.??"]
[Source "www.chesslib.no"]
[SourceDate "2004.05.04"]

1. d4 Nf6 2. c4 e6 3. Nf3 d5 4. Nc3 Nbd7 5. Bg5 h6 6. Bh4 c6 7. cxd5 exd5 8. e3 Be7 9. Bd3 a6 10. Qc2 O-O 11. O-O Re8 12. Rab1 Ne4 13. Bxe7 Qxe7 14. b4 Ndf6 15. a4 a5 1/2-1/2

[Event "XIII Open internazionale"]
[Site "Villa de Coria del Río SPA"]
[Date "2007.02.24"]
[Round "4"]
[White "Komljenovic, Davor"]
[Black "Epishin, Vladimir"]
[Result "0-1"]
[WhiteElo "2481"]
[BlackElo "2561"]
[PlyCount "96"]
[EventDate "2007.02.21"]
[Source "www.chesslib.no"]
[SourceDate "2004.05.04"]

1. d4 Nf6 2. c4 e6 3. Nf3 d5 4. Nc3 Nbd7 5. Bg5 h6 6. Bh4 dxc4 7. e3 Nb6 8. Ne5 c5 9. dxc5 Qxd1+ 10. Rxd1 Bxc5 11. Bxf6 gxf6 12. Nxc4 Ke7 13. Nxb6 Bxb6 14. Be2 Ba5 15. Rc1 Bd7 16. O-O Rac8 17. Ne4 Bc6 18. Bf3 Rhd8 19. h3 Bd5 20. a3 Bb3 21. Rxc8 Rxc8 22. Rb1 b5 23. h4 Rc4 24. Ng3 Rxh4 25. Nf1 Bd5 26. Rd1 Bb6 27. Be2 h5 28. f4 Rxf4 29. Bxb5 Rf5 30. Bd3 Rg5 31. Rd2 f5 32. Kh2 Kf6 33. Kh3 Bc7 34. b4 h4 35. g3 Kg6 36. gxh4 Rg1 37. Rf2 Rh1+ 38. Nh2 Bxh2 39. Rxh2 Ra1 40. Rd2 Rxa3 41. Kg3 Kf6 42. h5 Ke5 43. b5 f4+ 44. exf4+ Kd4 45. f5 Be4 46. fxe6 fxe6 47. h6 Rxd3+ 48. Rxd3+ Bxd3 0-1

[Event "Moscow GM4"]
[Site "Moscow"]
[Date "1996.??.??"]
[Round "?"]
[White "Kiselev, Sergey"]
[Black "Kiriakov, Petr"]
[Result "1/2-1/2"]
[WhiteElo "2525"]
[BlackElo "2515"]
[PlyCount "37"]
[EventDate "1996.??.??"]
[Source "www.chesslib.no"]
[SourceDate "2004.05.04"]

1. d4 Nf6 2. c4 e6 3. Nf3 d5 4. Nc3 Nbd7 5. Bg5 Be7 6. e3 h6 7. Bh4 Ne4 8. Bxe7 Qxe7 9. cxd5 Nxc3 10. bxc3 exd5 11. Be2 O-O 12. O-O c6 13. a4 Nf6 14. Qc2 Be6 15. c4 c5 16. cxd5 Bxd5 17. dxc5 Rac8 18. Rfc1 b6 19. c6 1/2-1/2

[Event "Budapest"]
[Site "Budapest HUN"]
[Date "1991.??.??"]
[Round "7"]
[White "Novikov, Igor A"]
[Black "Blatny, Pavel"]
[Result "1/2-1/2"]
[WhiteElo "2545"]
[BlackElo "2495"]
[PlyCount "36"]
[EventDate "1991.11.??"]
[Source "www.chesslib.no"]
[SourceDate "2004.05.04"]

1. d4 Nf6 2. c4 e6 3. Nf3 d5 4. Nc3 Nbd7 5. Bg5 Bb4 6. e3 c5 7. cxd5 exd5 8. dxc5 Qa5 9. Rc1 Bxc3+ 10. bxc3 O-O 11. Bd3 Ne4 12. O-O Ndxc5 13. Bb1 Na4 14. c4 Bg4 15. Qxd5 Qxd5 16. cxd5 Bxf3 17. Be7 Nec3 18. Bxf8 Bxd5 1/2-1/2

[Event "Moscow op2"]
[Site "Moscow"]
[Date "1995.??.??"]
[Round "9"]
[White "Kharitonov, Andrei Y"]
[Black "Dragomarezkij, Evgeni"]
[Result "1/2-1/2"]
[WhiteElo "2550"]
[BlackElo "2475"]
[PlyCount "41"]
[EventDate "1995.11.??"]
[Source "ChessBase"]

1. d4 d5 2. c4 c6 3. Nf3 Nf6 4. Nc3 e6 5. Bg5 Nbd7 6. cxd5 cxd5 7. e3 Be7 8. Bd3 O-O 9. O-O Ne8 10. Bxe7 Qxe7 11. Rc1 Ndf6 12. Ne5 Bd7 13. Na4 Bxa4 14. Qxa4 Nd6 15. Rc5 Rfc8 16. Rfc1 g6 17. R1c2 Kg7 18. Rxc8 Nxc8 19. Rc5 Nd6 20. Qc2 Qd8 21. h3 1/2-1/2

[Event "4. EU ch.final"]
[Site "IV EU ch.final"]
[Date "1995.??.??"]
[Round "?"]
[White "Tirabassi"]
[Black "Hjorth/SVE"]
[Result "1-0"]
[WhiteElo "2550"]
[BlackElo "2470"]
[PlyCount "69"]
[EventDate "1995.??.??"]
[Source "www.chesslib.no"]
[SourceDate "2004.05.04"]

1. d4 Nf6 2. c4 e6 3. Nc3 d5 4. Bg5 Nbd7 5. e3 c6 6. Qc2 Qa5 7. cxd5 Nxd5 8. e4 Nxc3 9. Bd2 e5 10. bxc3 exd4 11. cxd4 Bb4 12. Rb1 Bxd2+ 13. Qxd2 Qxd2+ 14. Kxd2 O-O 15. g4 b6 16. Bd3 c5 17. d5 Ne5 18. h3 Nxd3 19. Kxd3 Ba6+ 20. Ke3 Rfe8 21. Nf3 Bc4 22. Kf4 Bxa2 23. Rb2 Bc4 24. g5 Rad8 25. Ne5 Bxd5 26. exd5 Rxd5 27. Nc6 g6 28. h4 f6 29. gxf6 Rf5+ 30. Kg3 Rxf6 31. Nxa7 Ref8 32. Re1 Kg7 33. Nb5 Rf3+ 34. Kg2 R3f4 35. Nc7 1-0

[Event "Canadian Open"]
[Site "?"]
[Date "2000.07.14"]
[Round "8"]
[White "Novikov Igor A"]
[Black "Schulte Oliver"]
[Result "1-0"]
[WhiteElo "2611"]
[BlackElo "2392"]
[PlyCount "71"]
[EventDate "2000.??.??"]
[Source "www.chesslib.no"]
[SourceDate "2004.05.04"]

1. d4 Nf6 2. c4 e6 3. Nf3 d5 4. Nc3 Nbd7 5. Bg5 Bb4 6. e3 c5 7. cxd5 exd5 8. dxc5 Qa5 9. Rc1 Ne4 10. Qxd5 Nxc3 11. bxc3 Bxc3+ 12. Kd1 O-O 13. Bc4 Nxc5 14. Be7 Bb4 15. Bxf8 Be6 16. Qd4 Rxf8 17. Ke2 Rd8 18. Qh4 b5 19. Bxe6 Nxe6 20. Rc2 Qa3 21. Rd1 Rxd1 22. Kxd1 Bc3 23. Qe4 g6 24. Nd2 Bf6 25. Qd5 Qa4 26. Ne4 Be7 27. Nc3 Qh4 28. h3 b4 29. Ne4 Bf8 30. Rc8 Qe7 31. Ke1 Kg7 32. Kf1 f5 33. Rb8 Kh6 34. Ng3 Qc7 35. Nxf5+ gxf5 36. Qxe6+ 1-0

[Event "Linz"]
[Site "Linz"]
[Date "1997.??.??"]
[Round "6"]
[White "Kortschnoj, Viktor"]
[Black "Casagrande, Harald"]
[Result "1-0"]
[WhiteElo "2635"]
[BlackElo "2365"]
[PlyCount "62"]
[EventDate "1997.05.17"]
[Source "ChessBase"]
[SourceDate "1997.08.01"]

1. d4 Nf6 2. c4 e6 3. Nc3 d5 4. Bg5 c6 5. e3 Nbd7 6. Bd3 dxc4 7. Bxc4 Be7 8. Nf3 Nd5 9. Bxe7 Qxe7 10. O-O Nxc3 11. bxc3 e5 12. e4 O-O 13. Re1 exd4 14. cxd4 Nb6 15. Bb3 Bg4 16. h3 Bxf3 17. Qxf3 Rad8 18. Rad1 Rd7 19. Qc3 Rfd8 20. a4 Na8 21. f4 Nc7 22. f5 a5 23. Qg3 Kh8 24. e5 Nd5 25. Re4 g6 26. Rf1 gxf5 27. Rxf5 Rg8 28. Qf2 Rg7 29. Rh4 Ne3 30. Rxf7 Rxf7 31. Bxf7 Qa3 1-0

[Event "Gausdal Jubilee"]
[Site "Gausdal"]
[Date "1983.??.??"]
[Round "2"]
[White "Schussler, Harry"]
[Black "Lein, Anatoly"]
[Result "1-0"]
[WhiteElo "2485"]
[BlackElo "2490"]
[PlyCount "67"]
[EventDate "1983.04.??"]
[Source "ChessBase"]

1. d4 Nf6 2. c4 e6 3. Nf3 d5 4. Nc3 Nbd7 5. Bg5 Be7 6. e3 Ne4 7. Bxe7 Qxe7 8. Qc2 Nxc3 9. Qxc3 Nf6 10. Rc1 c6 11. Bd3 O-O 12. O-O Rd8 13. b4 Bd7 14. Rb1 Be8 15. Rfc1 Kf8 16. h3 h6 17. Rb2 dxc4 18. Bxc4 b5 19. Bb3 Nd5 20. Bxd5 cxd5 21. Rbc2 Kg8 22. Nd2 Rd6 23. Qa3 e5 24. dxe5 Qxe5 25. Nf3 Qe4 26. Rc8 Rxc8 27. Rxc8 Rg6 28. Kh2 Qe6 29. Qc3 Kh7 30. Qc7 d4 31. Qb8 d3 32. Rxe8 Qd6+ 33. Qxd6 Rxd6 34. Nd2 1-0

[Event "Katerini"]
[Site "?"]
[Date "1993.??.??"]
[Round "?"]
[White "Atalik, S."]
[Black "Thorhallsson, Th"]
[Result "1-0"]
[WhiteElo "2535"]
[BlackElo "2440"]
[PlyCount "78"]
[EventDate "1993.??.??"]
[Source "ChessBase"]
[SourceDate "1993.06.01"]

1. d4 Nf6 2. c4 e6 3. Nc3 d5 4. Bg5 c6 5. e3 Nbd7 6. Qc2 Qa5 7. cxd5 cxd5 8. Bd3 a6 9. Nf3 Bd6 10. O-O O-O 11. Rac1 Ra7 12. Bf4 Bxf4 13. exf4 b5 14. Ne2 g6 15. Ne5 Nxe5 16. fxe5 Nd7 17. h4 Qd8 18. g3 Qe7 19. h5 Bb7 20. hxg6 fxg6 21. Bxg6 hxg6 22. Qxg6+ Qg7 23. Qxe6+ Rf7 24. Rc7 Nf8 25. Qxf7+ Qxf7 26. Rxf7 Kxf7 27. Rc1 Ba8 28. f4 a5 29. f5 Re7 30. Rc5 Bb7 31. Nf4 a4 32. g4 b4 33. g5 Kg8 34. f6 Rh7 35. e6 Rh4 36. e7 Rg4+ 37. Kh2 Kf7 38. exf8=Q+ Kxf8 39. Ng6+ Ke8 1-0

[Event "Gausdal Int"]
[Site "Gausdal"]
[Date "1991.??.??"]
[Round "2"]
[White "Chekhov, Valery A"]
[Black "Panchenko, Alexander N"]
[Result "1/2-1/2"]
[WhiteElo "2525"]
[BlackElo "2445"]
[PlyCount "93"]
[EventDate "1991.08.??"]
[Source "ChessBase"]

1. c4 e6 2. Nc3 d5 3. d4 Nf6 4. Bg5 c6 5. e3 Nbd7 6. a3 Be7 7. Nf3 Ne4 8. Bxe7 Qxe7 9. Qc2 Nxc3 10. Qxc3 O-O 11. Bd3 dxc4 12. Bxc4 c5 13. O-O b6 14. Rfd1 Bb7 15. d5 exd5 16. Bxd5 Bxd5 17. Rxd5 Nf6 18. Rd3 Rfd8 19. Rad1 Rxd3 20. Qxd3 g6 21. h3 Rc8 22. g4 h6 23. Qd6 Kf8 24. Ne5 Qxd6 25. Rxd6 Ke7 26. Rd1 c4 27. Rc1 b5 28. Kf1 h5 29. Ke2 a6 30. g5 Nd7 31. Nf3 Nc5 32. h4 Nb3 33. Rc2 Ke6 34. Nd2 Nxd2 35. Rxd2 c3 36. Rc2 cxb2 37. Rxb2 Rc4 38. f4 Kd5 39. Kd3 Kc5 40. Rb3 a5 41. Rc3 Rxc3+ 42. Kxc3 Kd5 43. Kd3 b4 44. axb4 axb4 45. e4+ Kc5 46. f5 Kd6 47. Kc4 1/2-1/2

[Event "Capablanca mem"]
[Site "Matanzas"]
[Date "1995.??.??"]
[Round "12"]
[White "Sorin, Ariel"]
[Black "Blanco Fernandez, Alvaro"]
[Result "1-0"]
[WhiteElo "2505"]
[BlackElo "2455"]
[PlyCount "48"]
[EventDate "1995.05.??"]
[Source "ChessBase"]

1. d4 Nf6 2. c4 e6 3. Nf3 d5 4. Nc3 Nbd7 5. Bg5 c6 6. cxd5 cxd5 7. e3 Qa5 8. Qb3 Bd6 9. Bd3 a6 10. O-O b5 11. Nd2 Bb7 12. Qd1 b4 13. Ne2 O-O 14. Bf4 Be7 15. Nc1 Rfc8 16. Qe2 Qb6 17. a4 bxa3 18. bxa3 Ne4 19. Rb1 Nc3 20. Qh5 g6 21. Rxb6 Nxb6 22. Qg4 Bxa3 23. Ncb3 Nd7 24. Na5 Bc6 1-0

[Event "11 Open Aosta"]
[Site "Saint Vincent"]
[Date "2003.02.09"]
[Round "2"]
[White "Atalik, Suat"]
[Black "Vezzosi, Paolo"]
[Result "1-0"]
[WhiteElo "2581"]
[BlackElo "2379"]
[PlyCount "59"]
[EventDate "2003.02.08"]
[Source "Roberto Alvarez"]
[SourceDate "2003.02.17"]

1. d4 d5 2. c4 e6 3. Nc3 Nf6 4. Bg5 c6 5. e3 Nbd7 6. Qc2 Qa5 7. cxd5 Nxd5 8. e4 Nxc3 9. Bd2 e5 10. bxc3 exd4 11. cxd4 Bb4 12. Bc4 c5 13. Nf3 O-O 14. O-O Bxd2 15. Nxd2 cxd4 16. Nb3 Qb6 17. Rad1 Ne5 18. Bd5 Bg4 19. f3 Rac8 20. Qf2 Be6 21. Bxe6 Qxe6 22. Nxd4 Qb6 23. Rb1 Qa6 24. Nf5 Rfe8 25. f4 Nc4 26. Qd4 Qf6 27. Qxf6 gxf6 28. Rxb7 Nd2 29. Ra1 Rc2 30. Rd7 1-0